1180 1525 1792 1394 1028 1139 1582 1884 1206 1989 1513 1130 1192 1678 1565 1710 1899 1599 1019 1489 1569 1545 1061 1555 1768 1841 1633 1078 1882 1079 1634 1191 1023 1223 1783 1091 1341 1502 1064 1670 1600 1113 1482 1057 1949 1810 1926 1114 1791 1992 1049 1926 1719 1793 1485 1616 1973 1318 1921 1818 1512 1452 1629 1387 1904 1994 1461 1343 1347 1964 1598 1918 1308 1024 1611 1098 1470 1561 1116 1518 1326 1973 1430 1969 1452 1609 1511 1621 1762 1048 1489 1495 1697 1057 1004 1833 1087 1118 1121 BCNSPRNW ULIB Ver.6.0+V

เปลี่ยนเป็นภาษาไทย

Change to English
 แสดงรายละเอียดบรรณานุกรม
  กลับหน้าหลัก

Brief Record : Get Marc (ISO 2709) : E-mail record : QR code < ปิดหน้าต่าง
LEADER : 00000nam 2200000uu 4500
001    13399125296
003     ULIB
008    170331s2559||||th 000 0 tha d
020    ^a9786162712906
060 04 ^aWB330^bป615P
100 0  ^aปิติ ทฤษฎีคุณ
245 10 ^aPractical issues in chronic diseases. /^cปิติ ทฤษฎีคุณ, ฐิติมา ด้วงเงิน, อรวรรณ แช่ลิ่ม,โพยม วงศ์ภูวรักษ์ และ อุษณีย์ วนรรฆมณี
250    ^aพิมพ์ครั้งที่ 1
260    ^aสงขลา :^bคณะเภสัชศาสตร์ มหาวิทยาลัยสงขลานครินทร์,^c2559
300    ^a287 หน้า ;^c26 ซม.
500    ^aพื้นฐานการพยาบาล
650  4 ^aการใช้ยา
650  4 ^aการรักษาด้วยยา
650  4 ^aยา^xการใช้และขนาด
650  0 ^aเภสัชศาสตร์
650  0 ^aโรคเรื้อรัง^xการรักษา
650  0 ^aพื้นฐานการพยาบาล
700 0  ^aปิติ ทฤษฎีคุณ
700 0  ^aอรวรรณ แช่ลิ่ม
700 0  ^aฐิติมา ด้วงเงิน
700 0  ^aอุษณีย์ วนรรฆมณี
700 0  ^aโพยม วงศ์ภูวรักษ์
710 1  ^aคณะเภสัชศาสตร์ มหาวิทยาลัยสงขลานครินทร์
945    ^p0^l0^i001836
945    ^p0^l0^i001837
999    ^aวรรณษา ชูชัยมงคล
รายการนี้ยังไม่มีแท็ก
คุณยังไม่ได้ล็อกอิน คุณสามารถมีกิจกรรมร่วมกับเว็บไซต์ได้ แต่ต้องล็อกอินก่อน ::
  ล็อกอิน

รายการสื่อสารสนเทศ

ลำดับที่ ประเภท เลขเรียก/บาร์โค้ด สถานที่ สถานะ
1. วิทยาศาสตร์การแพทย์ และสุขภาพ
วิทยาศาสตร์การแพทย์ และสุขภาพ
สถานะ=หนังสือเก่า
WB330 ป615P ฉ.1 
  Barcode: 001836
ห้องสมุดวิทยาเขตสวรรค์ประชารักษ์
►ส่วนจัดเก็บหนังสือเก่า สปร
บนชั้น
  ขอยืม
2. วิทยาศาสตร์การแพทย์ และสุขภาพ
วิทยาศาสตร์การแพทย์ และสุขภาพ
สถานะ=หนังสือเก่า
WB330 ป615P ฉ.2 
  Barcode: 001837
ห้องสมุดวิทยาเขตสวรรค์ประชารักษ์
►ส่วนจัดเก็บหนังสือเก่า สปร
บนชั้น
  ขอยืม

รายการใกล้เคียง
    ผู้แต่ง [ปิติ ทฤษฎีคุณ]

    หัวเรื่อง [การใช้ยา]
    หัวเรื่อง [การรักษาด้วยยา]
    หัวเรื่อง [เภสัชศาสตร์]
    หัวเรื่อง [พื้นฐานการพยาบาล]

BibComment


ยังไม่เคยถูกคอมเมนท์

คอมเมนท์ทรัพยากรรายการนี้
  คอมเมนท์: Practical issues..


 Copyright 2026. Bcnsprnw @Library